000
00255nam a2200097Ia 4500
001
714243
005
20250826162901.0
008
250824s9999 xx 000 0 und d
245
0
_a
SABIR VE VEFA TİMSALİ HZ. ZEYNEP
_c
NURDAN DAMLA
260
_b
HAYAT YAYINLARI
999
_c
714243
_d
714243